|
|
|
|
| LEADER |
00000cam a2200000 7i4500 |
| 001 |
0000001185 |
| 005 |
20240924.0 |
| 008 |
991125 nju eng |
| 020 |
|
|
|a 0382032225 (hbk)
|
| 040 |
|
|
|a INS
|b eng
|e rda
|
| 090 |
0 |
0 |
|a PE1112
|b .B335 1976
|
| 100 |
1 |
|
|a Battles, Howard K. ,
|e author
|
| 245 |
1 |
0 |
|a Contemporary english
|c Howard K. Battles, Fred Brengelman, Norman Heider
|
| 264 |
|
1 |
|a Morristown, New Jersey :
|b Silver Burdett Company
|c 1976
|
| 264 |
|
4 |
|c ©1976
|
| 300 |
|
|
|a xii, 420 pages :
|b illustrations ;
|c 22 am.
|
| 336 |
|
|
|a text
|2 rdacontent
|
| 337 |
|
|
|a unmediated
|2 rdamedia
|
| 338 |
|
|
|a volume
|2 rdacarrier
|
| 500 |
|
|
|a Includes index
|
| 650 |
|
0 |
|a English languages
|
| 650 |
|
0 |
|a Language and langu
|
| 700 |
1 |
|
|a Brengelman, Fred ,
|e author
|
| 700 |
1 |
|
|a Heider, Norman ,
|e author
|
| 999 |
|
|
|a 0000002403
|b BOOK
|c Open Shelf
|e Default branch
|